000 00326nam a2200109Ia 4500
008 171211s9999 xx 000 0 und d
245 _aPreference Learning
245 _cEyke Hüllermeier and Johannes Fürnkranz
260 _c2010
650 _xINFORMATION TECHNOLOGIES
856 _uhttp://down.ebook777.com/063/3642141242.pdf
999 _c349717
_d349717